000 00600nam a2200253Ia 4500
005 20260306152741.0
008 008 260114s9999 xx 000 0 eng d
020 _a9789395678018
037 _aEBOOK
040 _aCRL
040 _beng
040 _cCRL
041 _2eng
041 _aeng
084 _qCRL
100 _aChandra Vijay Purty
_91124213
245 0 _aGeography Of India
260 _bABD Publishers
260 _c2012
856 _uhttps://www.asapglobe.com/searchtitles.aspx?query=9789395678018
942 _cEBOOK
999 _c1701389
_d1701389